000 00888cad a22002415a 4500
001 E150960
008 100916s2009 xxk f 100 0 eng d
020 _a9781842195192
035 _a(Sirsi) u150960
041 0 _aeng
100 1 _aOluranti, Farinloye
111 2 _aConstruction and Building Research Conference
_cUniversity of Cape Town
_d10-11 September 2009
245 0 0 _aConstruction professional's perception of risk impact on cost of building projects in Nigeria construction industry
260 _aLondon
_bRICS
_c2009
520 _aA paper presented at the COBRA Conference in Cape Town on 10-11 September 2009.
590 _aKA
650 2 4 _aCONSTRUCTION AND BUILDING RESEARCH CONFERENCE (COBRA)
651 4 _aNigeria
690 _aBUILT ENVIRONMENT-BUILDING COSTS
700 1 _aOlukemi, Agnes Salako
700 1 _aAdeniyi, Mafimidiwo Bamidele
942 _n0
_2ddc
999 _c111059
_d111059